Fortune's rocks : (Record no. 6201)

MARC details
000 -LEADER
fixed length control field 01086cam a2200277 a 4500
001 - CONTROL NUMBER
control field 6201
003 - CONTROL NUMBER IDENTIFIER
control field FISKH
005 - DATE AND TIME OF LATEST TRANSACTION
control field 20250327120109.0
008 - FIXED-LENGTH DATA ELEMENTS--GENERAL INFORMATION
fixed length control field 990726s2000 mau 000 1 eng
010 ## - LIBRARY OF CONGRESS CONTROL NUMBER
LC control number 99042665
020 ## - INTERNATIONAL STANDARD BOOK NUMBER
International Standard Book Number 0316781010
020 ## - INTERNATIONAL STANDARD BOOK NUMBER
International Standard Book Number 9780349112763
Terms of availability $5.00
040 ## - CATALOGING SOURCE
Original cataloging agency DLC
Transcribing agency DLC
Modifying agency DLC
Language of cataloging eng
050 ## - LIBRARY OF CONGRESS CALL NUMBER
Classification number PS3569.H7385 F67
082 ## - DEWEY DECIMAL CLASSIFICATION NUMBER
Classification number 813.54
100 1# - MAIN ENTRY--PERSONAL NAME
Personal name Shreve, Anita.
245 10 - TITLE STATEMENT
Title Fortune's rocks :
Remainder of title a novel /
Statement of responsibility, etc. Anita Shreve.
250 ## - EDITION STATEMENT
Edition statement This edition published in 2001
260 ## - PUBLICATION, DISTRIBUTION, ETC.
Place of publication, distribution, etc. London :
Name of publisher, distributor, etc. Abacus,
Date of publication, distribution, etc. 2000
300 ## - PHYSICAL DESCRIPTION
Extent 453 pages :
Dimensions 20 cm
520 ## - SUMMARY, ETC.
Summary, etc. In 1890s Boston, a 15-year-old upper-class girl is banished to a convent following an affair with a married doctor which left her pregnant. The girl is forced to surrender the child for adoption, but she subsequently goes to court to recuperate it, and eventually marries the doctor. A study in the mores and manners of the day.
650 ## - SUBJECT ADDED ENTRY--TOPICAL TERM
Topical term or geographic name entry element Historical Fiction
Form subdivision New Hampshire
General subdivision Adultery
906 ## - LOCAL DATA ELEMENT F, LDF (RLIN)
a 7
b cbc
c orignew
d 1
e ocip
f 19
g y-gencatlg
942 ## - ADDED ENTRY ELEMENTS (KOHA)
Source of classification or shelving scheme Dewey Decimal Classification
Koha item type Books
Suppress in OPAC No
Holdings
Withdrawn status Lost status Source of classification or shelving scheme Damaged status Not for loan Collection Home library Current library Shelving location Date acquired Total Checkouts Full call number Barcode Date last seen Price effective from Koha item type
    Dewey Decimal Classification     Fiction Footprints International School Library Network Toul Kork Campus Footprints International School Library Network Toul Kork Campus A TK Campus, 4th Floor, Room B401, Fiction Bookcases (1-6) 03/27/2025   SHR 813.54 PS3569.H7385 F67 2025-0872 03/27/2025 03/27/2025 Books